[Event "Nuremberg LGA Cup 2nd"]
[Site "Nuremberg"]
[Date "2005.09.08"]
[Round "1.56"]
[White "Vogiatzis, Joannis"]
[Black "Lingl, Peter"]
[Result "1-0"]
[WhiteElo "1845"]
[BlackElo "1369"]
[PlyCount "63"]
[EventDate "2005.09.08"]
[EventType "swiss"]
[EventRounds "7"]
[EventCountry "GER"]
[SourceTitle "EXT 2022"]
[Source "ChessBase"]
[SourceDate "2021.10.06"]
[SourceVersion "1"]
[SourceVersionDate "2021.10.06"]
[SourceQuality "1"]

1. e4 e5 2. Nf3 Nc6 3. Bb5 Nf6 4. d3 Bc5 5. c3 a6 6. Ba4 d6 7. 0-0 0-0 8. Be3 Ne7 9. Bxc5 dxc5 10. Nxe5 Ng6 11. Nxg6 fxg6 12. f3 Nh5 13. g3 Qg5 14. Qd2 Nf4 15. Bb3+ Kh8 16. Kh1 Bh3 17. gxf4 Rxf4 18. Rg1 Qh4 19. Qe3 Raf8 20. Nd2 Qh5 21. Rg3 Rh4 22. Qg5 Bg2+ 23. Kg1 Qxg5 24. Rxg5 Bxf3 25. Nxf3 Rxf3 26. Rg3 Rhf4 27. Rxf3 Rxf3 28. Rf1 Rxf1+ 29. Kxf1 g5 30. e5 g6 31. e6 Kg7 32. e7 1-0

[Event "Seebach op 16th"]
[Site "Grossenseebach"]
[Date "2005.05.27"]
[Round "3"]
[White "Vogiatzis, Joannis"]
[Black "Nodorp, Dieter"]
[Result "1/2-1/2"]
[WhiteElo "1862"]
[BlackElo "2118"]
[PlyCount "23"]
[EventDate "2005.05.26"]
[EventType "swiss"]
[EventRounds "7"]
[EventCountry "GER"]
[SourceTitle "EXT 2018"]
[Source "ChessBase"]
[SourceDate "2017.10.13"]
[SourceVersion "1"]
[SourceVersionDate "2017.10.13"]
[SourceQuality "1"]

1. d4 d5 2. Nc3 Nf6 3. Bg5 e6 4. e4 dxe4 5. Nxe4 Be7 6. Bxf6 Bxf6 7. Nf3 0-0 8. c3 Nd7 9. Bd3 b6 10. 0-0 Bb7 11. Qe2 c5 12. Nxf6+ 1/2-1/2

[Event "Nuremberg-ch op 05th"]
[Site "Nuremberg"]
[Date "2005.05.07"]
[Round "2"]
[White "Vogiatzis, Joannis"]
[Black "Aronov, Maksym"]
[Result "0-1"]
[WhiteElo "1841"]
[BlackElo "2286"]
[PlyCount "80"]
[EventDate "2005.05.06"]
[EventType "swiss"]
[EventRounds "5"]
[EventCountry "GER"]
[SourceTitle "EXT 2007"]
[Source "ChessBase"]
[SourceDate "2006.11.23"]
[SourceVersion "1"]
[SourceVersionDate "2006.11.23"]
[SourceQuality "1"]

1. e4 c6 2. d4 d5 3. e5 Bf5 4. g4 Bg6 5. h4 h6 6. h5 Bh7 7. e6 fxe6 8. Bd3 e5 9. dxe5 Qc7 10. f4 e6 11. Bxh7 Rxh7 12. Qd3 Rh8 13. Nf3 Na6 14. Nd4 Nb4 15. Qe2 Qd7 16. Bd2 Bc5 17. Be3 Na6 18. c3 Ne7 19. Nd2 Bxd4 20. cxd4 c5 21. Nb3 c4 22. Nc1 b5 23. a3 b4 24. Na2 Nc6 25. g5 bxa3 26. bxa3 Ne7 27. Nc3 Rb8 28. Rh3 Nf5 29. Bf2 Rb3 30. Qg4 Nb8 31. a4 a6 32. a5 Nc6 33. Ne2 Qb7 34. Rxb3 Qxb3 35. Rd1 Nb4 36. Nc1 Nc2+ 37. Ke2 Qb2 38. Kf3 Qa3+ 39. Ke2 Qb2 40. Kf3 Kd7 0-1

[Event "Mittelfranken Mitte-ch 0405"]
[Site "Zirndorf"]
[Date "2005.??.??"]
[Round "2"]
[White "Luther, Helmut"]
[Black "Vogiatzis, Joannis"]
[Result "1/2-1/2"]
[WhiteElo "1908"]
[BlackElo "1816"]
[PlyCount "32"]
[EventDate "2005.01.02"]
[EventType "swiss"]
[EventRounds "7"]
[EventCountry "GER"]
[SourceTitle "EXT 2015"]
[Source "ChessBase"]
[SourceDate "2014.11.20"]
[SourceVersion "1"]
[SourceVersionDate "2014.11.20"]
[SourceQuality "1"]

1. d4 e6 2. Nf3 c5 3. g3 b6 4. d5 Nf6 5. dxe6 fxe6 6. Bg2 Bb7 7. 0-0 Be7 8. c4 0-0 9. Nc3 Ne4 10. Qd3 Nxc3 11. Qxc3 Bf6 12. Qc2 Nc6 13. a3 Qc8 14. Be3 Ne7 15. Rab1 Nf5 16. Qc1 Be4 1/2-1/2